| 000 | 00591nam a22001817a 4500 | ||
|---|---|---|---|
| 005 | 20250113145902.0 | ||
| 010 | _aENG-143363 | ||
| 020 |
_c200.00 _a9788193092453 |
||
| 035 | _aEN-126895 | ||
| 037 | _bDBAD | ||
| 082 | _a336.24 | ||
| 100 |
_aK. Kiran Kumar _976464 |
||
| 245 |
_a100 Income Tax Saving Tips For Common People/ _cby K. Kiran Kumar |
||
| 260 |
_aHyderabad _bSri Laasya Publications _c2016 |
||
| 270 |
_bHyderabad _aFlat No. 102, Divyasai Apartments, H. No 1-9-285/9/1, Vidyanagar, _e500044 |
||
| 300 |
_a160p. : _b21cm(pb). |
||
| 942 |
_2ddc _cEN _h336.24 _mKKI |
||
| 999 |
_c208423 _d208423 |
||